Chambord - Choix multiples - Statistiques

Statistiques générales
  • Ce quiz a été pris 19 fois
  • Le résultat moyen est 5 sur 10
Statistiques - réponses
Question Réponse % Correct
Reconnaissez-vous le château de Chambord parmi les suivants ?
94%
Quel est la particularité du grand escalier du château de Chambord ? Il s'agit d'un escalier à double hélice qui permet aux passants de monter et de descendre sans se croiser.
83%
Quel roi fit construire le château de Chambord ? François Ier
78%
Dans quelle région naturelle forestière française se niche Chambord ? La Sologne
78%
Sur quel paquebot Chambord donnait-il son nom à la salle de restaurant des premières classes ? Le France
44%
Quelle figure historique détenait le titre de courtoisie "comte de Chambord" ? Henri V, le prétendant légitimiste au trône de France
39%
Quel maréchal de France reçut le titre de gouverneur du château de Chambord comme récompense pour sa victoire à la bataille de Fontenoy de 1745 ? Le maréchal Maurice de Saxe
33%
Sur l'aire de production de quel type de volaille bénéficiant d'une indication géographique protégée (I.G.P.) se trouve la commune de Chambord ? Les volailles de l’Orléanais
33%
Quelle rivière traverse Chambord ? Le Cosson
28%
Dans l'Église Saint-Louis de Chambord, une tapisserie représente le vœu d'un roi de consacrer la France à la sainte Vierge Marie. Quel roi formula ce vœu ? Louis XIII
28%
Aucun quiz correspondant
Distribution des résultats
% des personnes avec chaque résultat
Percentile par nombre de réponses
Votre historique - résultats
Vous n’avez pas pris ce quiz